Un néolithique pour l'Afrique australe (notice n° 1592085)
[ vue normale ]
| 000 -LEADER | |
|---|---|
| fixed length control field | 01947cam a2200169 4500500 |
| 005 - DATE AND TIME OF LATEST TRANSACTION | |
| control field | 20251228065742.0 |
| 041 ## - LANGUAGE CODE | |
| Language code of text/sound track or separate title | fre |
| 042 ## - AUTHENTICATION CODE | |
| Authentication code | dc |
| 100 10 - MAIN ENTRY--PERSONAL NAME | |
| Personal name | Sadr, Karim |
| Relator term | author |
| 245 00 - TITLE STATEMENT | |
| Title | Un néolithique pour l'Afrique australe |
| 260 ## - PUBLICATION, DISTRIBUTION, ETC. | |
| Date of publication, distribution, etc. | 2005.<br/> |
| 500 ## - GENERAL NOTE | |
| General note | 62 |
| 520 ## - SUMMARY, ETC. | |
| Summary, etc. | Résumé Dans les années 1920, lorsque le concept de « néolithique » a été appliqué aux premières économies de production, le terme a été banni du vocabulaire archéologique d’Afrique australe, parce qu’à l’époque on ne trouvait aucune trace d’agriculture ou d’élevage dans les sites de l’âge de pierre de cette partie du continent. Entre-temps, depuis les années 1970, des ossements de moutons ont souvent été trouvés dans les sites de chasseurs-cueilleurs autochtones. Quelle était l’origine de ces animaux ? Sont-ils arrivés avec une population d’éleveurs immigrants ? La preuve n’en a jamais été apportée. Dès lors, le moment est peut-être venu de réhabiliter le concept de « néolithique » en Afrique australe, en favorisant l’idée de processus plus complexes de diffusion des animaux domestiques et de circulation d’autres techniques. |
| 520 ## - SUMMARY, ETC. | |
| Summary, etc. | In the 1920s, when “neolithic” came to mean stone age with food production, the word was dropped from the vocabulary of Southern African archaeology because evidence for farming or herding had not been found in stone age sites. Since the 1970s, however, many bones of domesticated sheep have been found in first millennium ad local hunter-gatherer sites. In the absence of any evidence for a two thousand year old immigrant, pastoralist culture in southernmost Africa, this paper argues in favor of re-introducing the term neolithic to the subcontinent. |
| 786 0# - DATA SOURCE ENTRY | |
| Note | Afrique & histoire | 4 | 2 | 2005-10-01 | p. 135-147 | 1764-1977 |
| 856 41 - ELECTRONIC LOCATION AND ACCESS | |
| Uniform Resource Identifier | <a href="https://shs.cairn.info/revue-afrique-et-histoire-2005-2-page-135?lang=fr&redirect-ssocas=7080">https://shs.cairn.info/revue-afrique-et-histoire-2005-2-page-135?lang=fr&redirect-ssocas=7080</a> |
Pas d'exemplaire disponible.




Réseaux sociaux